| 000 | 005390000a22001090004500 | ||
|---|---|---|---|
| 100 | 1 | _aWinters, Alicia | |
| 245 | 1 | 0 | _aEl templo de Ageo |
| 300 | _aNum. 35-36 (2000), Páginas 206-214 | ||
| 520 | _aAunque el libro de Ageo es muchas veces despreciado como superficial o como promoviendo el judaísmo exclusivista, este libro más bien manifiesta una preocupación comunitaria con el templo como elemento clave en el mundo simbólico de la religiosidad popular. | ||
| 773 | 0 | _tRevista de Interpretación Bíblica Latinoamericana | |
| 942 | _cANA | ||
| 999 |
_c52559 _d52559 |
||